Middle-earth Characters by Age Quiz Stats

Quiz not verified by Sporcle

Challenge
Share
Tweet
Embed
Score 0/32 Timer 15:00
1 Play Today
Date of Birth - Age Character % Correct
T.A. 2968 • 51 years oldFrodo Baggins
80.8%
T.A. 2980 • 39 years oldSamwise Gamgee
76.2%
T.A. 2990 • 29 years oldPeregrin Took
76.1%
T.A. 2982 • 37 years oldMeriadoc Brandybuck
75.3%
Oldest living thing • ~11500 years oldTreebeard
74.6%
T.A. 2978 - 3019 † • 41 years old Boromir
74.5%
T.A. 2931 • 88 years oldAragorn
73.9%
T.A. 2890 • 129 years oldBilbo Baggins
69.7%
T.A. 2995 • 24 years oldÉowyn
69.6%
F.A. 532 • 6518 years oldElrond Half-elven
67.7%
T.A. 2983 • 36 years oldFaramir
67%
T.A. 2879 • 140 years oldGimli
65.4%
Y.T. 1362 • ~8500 years oldGaladriel
65%
T.A. 2991 • 28 years oldÉomer
64.3%
T.A. 2948 - 3019 † • 71 years old Théoden
64.1%
T.A. 2930 - 3019 † • 89 years oldDenethor II
59.9%
Date of Birth - Age Character % Correct
T.A. 241 • 2778 years oldArwen Undómiel
58.9%
T.A. 2430 - 3019 † • 589 years old Gollum
49.3%
T.A. 2746 - 2941 † • 195 years oldThorin Oakenshield
43.6%
T.A. 2763 - 2994 † • 231 years old Balin
39.8%
T.A. 2864 - 2941 † • 77 years old Kíli
39.7%
T.A. 2859 - 2941 † • 82 years old Fíli
39.3%
S.A. 3209 - T.A. 2 † • 234 years old Isildur
38.1%
T.A. 2783 • 236 years oldGlóin
38.1%
F.A. 450 - S.A. 3441 † • 3581 years oldGil-galad
33.5%
S.A. 3119 - 3441 † • 322 years old Elendil
33.2%
Y.T. ~1100 • ~11000 years oldCírdan
30.6%
T.A. 2774 - 2994 † • 220 years old Óin
29.8%
T.A. 130 • 2889 years oldElrohir/Elladan
28.1%
T.A. 2767 - 3019 † • 252 years oldDáin II Ironfoot
27.8%
T.A. 2772 • 247 years old Dwalin
26%
T.A. 2955 • 64 years oldImrahil
16.2%

You're not logged in!

Compare scores with friends on all Sporcle quizzes.
Sign Up with Email
OR
Log In

You Might Also Like...

Show Comments

Extras

Top Quizzes Today


Score Distribution

Your Account Isn't Verified!

In order to create a playlist on Sporcle, you need to verify the email address you used during registration. Go to your Sporcle Settings to finish the process.